Abu Nawas - Budak yang bijak / (Record no. 147739)

MARC details
000 -LEADER
fixed length control field 00787nam a2200277 i 4500
001 - CONTROL NUMBER
control field C2-0227699
003 - CONTROL NUMBER IDENTIFIER
control field PPAK
005 - DATE AND TIME OF LATEST TRANSACTION
control field 20210907162113.0
008 - FIXED-LENGTH DATA ELEMENTS--GENERAL INFORMATION
fixed length control field 000726s2000 my a j | 0 may d
020 ## - INTERNATIONAL STANDARD BOOK NUMBER
International Standard Book Number 9832204429
Qualifying information paperback
040 ## - CATALOGING SOURCE
Original cataloging agency PPAK
Language of cataloging eng
Transcribing agency PPAK
Description conventions rda
082 04 - DEWEY DECIMAL CLASSIFICATION NUMBER
Classification number 398.22
Edition number 23
090 00 - LOCALLY ASSIGNED LC-TYPE CALL NUMBER (OCLC); LOCAL CALL NUMBER (RLIN)
Classification number (OCLC) (R) ; Classification number, CALL (RLIN) (NR) 398.22
Feature heading WSU
Feature heading K
100 0# - MAIN ENTRY--PERSONAL NAME
Personal name W.S. Uzala,
Relator term author.
245 10 - TITLE STATEMENT
Title Abu Nawas - Budak yang bijak /
Statement of responsibility, etc. W.S. Uzala
264 #1 - PRODUCTION, PUBLICATION, DISTRIBUTION, MANUFACTURE, AND COPYRIGHT NOTICE
Place of production, publication, distribution, manufacture Kuala Lumpur :
Name of producer, publisher, distributor, manufacturer Pustaka Cita Tinggi,
Date of production, publication, distribution, manufacture, or copyright notice 2000
300 ## - PHYSICAL DESCRIPTION
Extent 70 pages :
Other physical details illustrations ;
Dimensions 19 cm
336 ## - CONTENT TYPE
Source rdacontent
Content type term text
337 ## - MEDIA TYPE
Source rdamedia
Media type term unmediated
338 ## - CARRIER TYPE
Source rdacarrier
Carrier type term volume
490 1# - SERIES STATEMENT
Series statement Siri dongeng teladan
650 10 - SUBJECT ADDED ENTRY--TOPICAL TERM
Topical term or geographic name entry element Fables, Malay
Source of heading or term Folklore
General subdivision Malay
830 #0 - SERIES ADDED ENTRY--UNIFORM TITLE
Uniform title Siri dongeng teladan
942 ## - ADDED ENTRY ELEMENTS (KOHA)
Koha item type Book
Source of classification or shelving scheme Dewey Decimal Classification
Holdings
Withdrawn Not for loan Current library Shelving location Date acquired Full call number Barcode Date last seen Koha item type Total Checkouts
    Perpustakaan Alor Setar Pinjaman Kanak-kanak 26/07/2000 K 398.22 WSU A00934069 31/05/2018 Book  
    Perpustakaan Alor Setar Pinjaman Kanak-kanak 26/07/2000 K 398.22 WSU A00934070 31/05/2018 Book  
    Perpustakaan Awam Sungai Petani Pinjaman Kanak-kanak 26/07/2000 K 398.22 WSU A00934071 31/05/2018 Book  
    Perpustakaan Jitra Pinjaman Kanak-kanak 26/07/2000 K 398.22 WSU A00934073 31/05/2018 Book  
    Perpustakaan Langkawi Pinjaman Kanak-kanak 26/07/2000 K 398.22 WSU A00934072 31/05/2018 Book  
    Perpustakaan Yan Pinjaman Kanak-kanak 26/07/2000 K 398.22 WSU A00934075 31/05/2018 Book  
    Bergerak 1, Alor Setar Pinjaman Kanak-kanak 26/07/2000 K 398.22 WSU A00934076 31/05/2018 Book  
    Bergerak 1, Alor Setar Pinjaman Kanak-kanak 26/07/2000 K 398.22 WSU A00934077 31/05/2018 Book  
    Bergerak 3, Baling Pinjaman Kanak-kanak 26/07/2000 K 398.22 WSU A00934080 31/05/2018 Book  
    Bergerak 3, Baling Pinjaman Kanak-kanak 26/07/2000 K 398.22 WSU A00934081 31/05/2018 Book  
    Bergerak 3, Baling Pinjaman Kanak-kanak 04/02/2001 K 398.22 WSU A00953255 31/05/2018 Book  
    Bergerak 4, Sungai Petani Pinjaman Kanak-kanak 26/07/2000 K 398.22 WSU A00934083 31/05/2018 Book  
    Bergerak 5, Kulim Pinjaman Kanak-kanak 26/07/2000 K 398.22 WSU A00934084 31/05/2018 Book  
    Bergerak 5, Kulim Pinjaman Kanak-kanak 26/07/2000 K 398.22 WSU A00934088 31/05/2018 Book  
    Bergerak 5, Kulim Pinjaman Kanak-kanak 04/02/2001 K 398.22 WSU A00953256 31/05/2018 Book  
    PD19, KEDA Bendang Perang, Kota Setar Pinjaman Kanak-kanak 20/12/2000 K 398.22 WSU A00956217 31/05/2018 Book  
    PD19, KEDA Bendang Perang, Kota Setar Pinjaman Kanak-kanak 20/12/2000 K 398.22 WSU A00956218 31/05/2018 Book  
    PD20, Felda Lubuk Merbau, Pendang Pinjaman Kanak-kanak 11/11/2000 K 398.22 WSU A00946621 31/05/2018 Book  
    PD29, Kg. Gajah Putih, Sik Pinjaman Kanak-kanak 04/01/2001 K 398.22 WSU A00952163 31/05/2018 Book  
    PD29, Kg. Gajah Putih, Sik Pinjaman Kanak-kanak 04/01/2001 K 398.22 WSU A00952164 31/05/2018 Book